| 000 | 00575nam a2200169 a 4500 | ||
|---|---|---|---|
| 001 | 000047263 | ||
| 005 | 20201002053509.0 | ||
| 008 | 180425s2015 dr a 000 spa d | ||
| 020 | _a9789945123487 | ||
| 040 |
_aDO-SdBNP _bspa _cBNPHU |
||
| 082 |
_axxx _bS939f |
||
| 100 | 1 |
_aSuárez, Manuel Ángel _974910 |
|
| 245 | 0 |
_aFormación integral, humana y religiosa 1-2-3-4-5-6 :. : _bguía didáctica y solucionario, nivel primario / _cManuel Ángel Suárez. |
|
| 260 |
_aSanto Domingo : _bSusaeta, _c2015. |
||
| 300 |
_a128 p. : _bil ; _c28 cm. |
||
| 590 | _aInventariado, 2018 / DG | ||
| 999 |
_c46751 _d46751 |
||